Statistiques concernant Les surnoms des équipes - Coupe du monde de football 2022

Cliquez ici pour prendre le quiz!

Statistiques générales

  • Ce quiz a été pris 255 fois
  • Le résultat moyen est 12 sur 32

Statistiques - réponses

ÉquipesSurnoms% Correct
FranceLes Bleus
94%
EspagneLa Roja
80%
BelgiqueLes Diables Rouges
78%
PortugalLa Seleção
71%
BrésilLa Seleção
71%
Pays-BasLes Oranges
68%
UruguayLa Celeste
66%
AngleterreThe Three Lions
66%
MarocLes Lions de l'Atlas
61%
ArgentineL'Albiceleste
59%
SerbieLes Aigles
56%
AllemagneDie Mannschaft
55%
CamerounLes Lions indomptables
48%
SénégalLes Lions de la Teranga
47%
TunisieLes Aigles de Carthage
40%
SuisseLa Nati
39%
Pays de GallesLes Dragons
32%
GhanaLes Black Stars
28%
MexiqueEl Tricolor / El Tri / La Verde
22%
ÉquateurLa Tri
18%
AustralieLes Socceroos
18%
États-UnisTeam USA / The Stars and Stripes / The Yanks
9%
Arabie SaouditeLes Verts / Les Faucons verts
7%
Costa RicaLos Ticos
6%
JaponSamourai Blue
6%
CanadaThe Canucks / Les Rouges
6%
QatarAl Annabi / Les Bordeaux
5%
PologneBlanc et rouge / Les Aigles blancs
4%
DanemarkLes Dynamites danoises / Les Rouges et Blancs
4%
IranTeam Melli
4%
Corée du SudLes Guerriers Taeguk / Le Tigre d'Asie
3%
CroatieVatreni / Les Flamboyants / Les Ardents
3%

Distribution des résultats

Percentile par nombre de réponses

% des personnes avec chaque résultat

Votre développement - résultats

Vous n’avez pas pris ce quiz